000 00345nam a2200145Ia 4500
008 230917s9999||||xx |||||||||||||| ||und||
040 _e138778
_aMAIN
041 _aEnglish
082 _a823.7 C236A
100 _aCarroll, Lewis
245 0 _aAlice in wonderland
260 _aLondon
_bBancroft Books
_c1972
300 _a112 p.
942 _cBK
999 _c123167
_d123167